000
00283nam a2200109Ia 4500
008
200302s9999 xx 000 0 und d
100
_a
I. B. Prasad
245
_a
A Text Book of Applied Mechanics Dynamics & Statics
260
_b
Khanna Publishers
260
_c
2001
300
_a
1276 P.,
999
_c
1387
_d
1387